Report of the national commision on agriculture.1976. part.5 resource development (Record no. 365313)
[ view plain ]
| 000 -LEADER | |
|---|---|
| fixed length control field | 004100000a22001330004500 |
| 060 ## - NATIONAL LIBRARY OF MEDICINE CALL NUMBER | |
| Classification number | 105 |
| 082 ## - DEWEY DECIMAL CLASSIFICATION NUMBER | |
| Classification number | 630. 954 REP.05 |
| 100 ## - MAIN ENTRY--PERSONAL NAME | |
| Personal name | Govt. of India |
| 245 ## - TITLE STATEMENT | |
| Title | Report of the national commision on agriculture.1976. part.5 resource development |
| 260 ## - PUBLICATION, DISTRIBUTION, ETC. (IMPRINT) | |
| Place of publication, distribution, etc. | New Delhi, Govt. of India, Ministry of agriclulture $ irigation |
| 300 ## - PHYSICAL DESCRIPTION | |
| Extent | 344 |
| 650 ## - SUBJECT ADDED ENTRY--TOPICAL TERM | |
| Topical term or geographic name as entry element | Irrigation/ command area development |
| 942 ## - ADDED ENTRY ELEMENTS (KOHA) | |
| Koha item type | Books (General) |
| Withdrawn status | Lost status | Damaged status | Not for loan | Home library | Current library | Date acquired | Cost, normal purchase price | Total Checkouts | Full call number | Barcode | Date last seen | Price effective from | Koha item type |
|---|---|---|---|---|---|---|---|---|---|---|---|---|---|
| College of Agriculture, Vellayani | College of Agriculture, Vellayani | 02/05/2014 | 0.20 | 630. 954 REP.05 | KAU_COAV-14817 | 02/05/2014 | 02/05/2014 | Books (General) |
